000 00346 a2200157 4500
001 193187
020 _a978-85-8415-091-5
040 _cMagnum
100 _aRocha, Silvina
240 1 0 _aOs carneirinhos de lalá
_lpor
245 1 0 _aOs carneirinhos de lalá
300 _a31
362 0 _a2017
697 _aLITERATURA INFANTIL
942 _cBK
999 _c193187
_d193187